000 02365cam a22004814i 4500
003 PE-LiUPU
005 20250731173335.0
008 150616s r 000 0 d
035 _a(Sirsi) a470
040 _aPE-LiUPU
_bspa
_cPE-LiUPU
_erda
049 _aPRUA
082 0 4 _a262.7
_bS36
_221
100 1 _aSegundo, Juan Luis,
_eautor.
245 1 0 _aTeología abierta para el laico adulto :
_bnuestra idea de Dios /
_cJuan Luis Segundo.
264 1 _aBuenos Aires :
_bEdiciones Carlos Lohlé,
_c1968.
300 _a266 páginas ;
_c21 cm
336 _atext
_2rdacontent
337 _aunmediated
_2rdamedia
338 _avolume
_2rdacarrier
504 _aNota Bibliografica.
505 0 _aDios ¿nos interesa o no? -- ¿Existe Dios? ¿Qué Dios? -- Medellín y el Dios vivo -- Dios y la Historia -- América Latina, lugar histórico y teológico -- ¿Historia de la salvación o salvación de la historia? -- Oración, providencia, compromiso -- Desmitificar o la busqueda de lo que queda -- La primera iglesia invoca a la Trinidad -- Dios y la sociedad -- Entre la secularización y la "muerte de Dios" -- Iglesia: ¿religión, secta o comunidad? -- El papel del "no" en el conocimiento de Dios -- Término medio entre ateísmo y fe? -- Dios y la libertad -- ¿Dios no habla o el hombre no piensa? -- ¿Un Dios opuesto a la cohesión social? -- Libertad, sí, pero ¿También en la iglesia? -- Dios necesita Hombres -- Dios y los límites de la razón -- Dios y el mundo -- Dios, ¿Fue no-violento?.
526 _aSEG42
526 _aSEG41
526 _aSEG40
526 _aSEG39
526 _aP94
526 _aP87
526 _aP86
526 _aP85
526 _aP77
526 _aP76
526 _aP35
610 2 _aIglesia Católica
_zLatinoamérica.
650 0 4 _aVida cristiana
_xautores católicos.
650 0 4 _aCristianismo
_xFilosofía.
910 _ajck
_bjvq
_cjck
942 _2ddc
_cBOOK
949 _a262.7 S36
_wDEWEY
_c1
_i21956
_lCCODEBUL1
_mBUL
_p00.00
_r0
_sY
_tBOOK
_u19820517
_xTEOLOGIA
_zUNKNOWN
_0COMPRA
_o.STAFF. Colección General
994 _aC0
_bPEPRU
596 _a1
999 _a262.7 S36
_wDEWEY
_c49095
_i21956
_f2021-11-12
_g5
_lCCODEBUL1
_mBUL
_r0
_sY
_tBOOK
_u2015-6-16
_xTEOLOGIA
_zUNKNOWN
_0COMPRA
_o.STAFF. Colección General
_d49095
980 _81
_gALBERTO SANCHEZ Responsable de Automatización